000 00454cam a2200193 4500
001 D3497
008 090401t1972 xxu||||| |||| 00| 0 eng d
035 _a(Sirsi) u73508
041 _aeng
050 _a692.5
100 _aEnterkin, Hugh
245 _aEstimating for builders and surveyors
260 _aLondon
_bHeinemann
_c1972
300 _aix. 371p. 22cm
350 _a4.75
700 _aReynolds, Gerald
942 _n0
948 _c04/03/1997
999 _c95617
_d95617